Normal view
MARC view
- الزراع ، نايف عابد
Entry Personal Name
001 - CONTROL NUMBER
- control field: 42951
003 - CONTROL NUMBER IDENTIFIER
- control field: JO-AjAnu
005 - DATE AND TIME OF LATEST TRANSACTION
- control field: 20230606081125.0
008 - FIXED-LENGTH DATA ELEMENTS
- fixed length control field: 230606|| aca||aabn | a|a d
040 ## - CATALOGING SOURCE
- Original cataloging agency: JO-AjAnu
- Transcribing agency: JO-AjAnu
100 ## - HEADING--PERSONAL NAME
- Personal name: الزراع ، نايف عابد
670 ## - SOURCE DATA FOUND
- Source citation: Work cat.: (JO-AjAnu)21997: الزراع ، نايف عابد, author, المدخل اضطراب التوحد المفاهيم الاساسية وطرق التدخل